| 000 | 00543nmm a2200169Ia 4500 | ||
|---|---|---|---|
| 008 | 251105s9999||||xx |||||||||||||||||und|| | ||
| 020 | _a9789560004512 | ||
| 041 | _aspa | ||
| 100 | _aRadrigán, Juan | ||
| 245 | 0 |
_aJuan Radrigán Teatro I : _b Amores de cantina. Informe para nadie. Ceremonial del macho cabrio |
|
| 264 |
_a[Santiago de Chile, Chile] : _bLOM Ediciones, _c2013 |
||
| 300 | _a164 páginas | ||
| 490 | _aTeatro | ||
| 650 | _aLatin American theater | ||
| 856 | _uhttps://public.digitaliapublishing.com/a/126815 | ||
| 942 | _cCF | ||
| 999 |
_c93507 _d93507 |
||